Introduction to the literature of Europe, in the fifteenth, sixteenth, and seventeenth centuries / (Record no. 76823)
[ view plain ]
| 000 -LEADER | |
|---|---|
| fixed length control field | 01032nam a2200289 a 4500 |
| 001 - CONTROL NUMBER | |
| control field | 76823 |
| 003 - CONTROL NUMBER IDENTIFIER | |
| rucl marc code | BD-RjUL |
| 005 - DATE AND TIME OF LATEST TRANSACTION | |
| control field | 20211209082907.0 |
| 008 - FIXED-LENGTH DATA ELEMENTS--GENERAL INFORMATION | |
| fixed length control field | 960418s1864 enk 001 0 eng d |
| 035 ## - SYSTEM CONTROL NUMBER | |
| System control number | (BD-RjUL)77047 |
| 040 ## - CATALOGING SOURCE | |
| Original cataloging agency | BD-RjUL |
| Language of cataloging | eng |
| Transcribing agency | BD-RjUL |
| 041 ## - LANGUAGE CODE | |
| Language code of text/sound track or separate title | eng |
| 082 ## - DEWEY DECIMAL CLASSIFICATION NUMBER | |
| Edition number | 23 |
| Classification number | 809 |
| Author mark and year | HAI V-1-4 1864 |
| 100 1# - MAIN ENTRY--PERSONAL NAME | |
| Personal name | Hallam, Henry, |
| Dates associated with a name | 1777-1859. |
| 9 (RLIN) | 238094 |
| 245 10 - TITLE STATEMENT | |
| Title | Introduction to the literature of Europe, in the fifteenth, sixteenth, and seventeenth centuries / |
| Statement of responsibility, etc. | by Henry Hallam |
| 250 ## - EDITION STATEMENT | |
| Edition statement | 7th ed. |
| 260 ## - PUBLICATION, DISTRIBUTION, ETC. (IMPRINT) | |
| Place of publication, distribution, etc. | London : |
| Name of publisher, distributor, etc. | Murray, |
| Date of publication, distribution, etc. | 1864 |
| 300 ## - PHYSICAL DESCRIPTION | |
| Pagination | v. : |
| Illustrations | port. ; |
| Size | 18 cm |
| 500 ## - GENERAL NOTE | |
| General note | "Memoir of Mr. Hallam, by The Very Rev. Dean Milman", v. 1, p. [xv]-xxii |
| General note | Each volumes has separate contents pages |
| General note | Includes index at the end of v. 4 |
| General note | "in four volumes ; with portrait ' |
| 505 0# - FORMATTED CONTENTS NOTE | |
| Formatted contents note | Voi. 1 -- v. 2 -- v. 4 |
| 650 #0 - SUBJECT ADDED ENTRY--TOPICAL TERM | |
| Topical term or geographic name as entry element | Literature, Modern |
| General subdivision | History and criticism |
| 9 (RLIN) | 238095 |
| 651 #0 - SUBJECT ADDED ENTRY--GEOGRAPHIC NAME | |
| Geographic name | Europe |
| General subdivision | Literature |
| -- | History and criticism |
| 9 (RLIN) | 238096 |
| 942 ## - ADDED ENTRY ELEMENTS (KOHA) | |
| Source of classification or shelving scheme | Dewey Decimal Classification |
| Koha item type | Rare Books |
| Lost status | Source of classification or shelving scheme | Damaged status | Not for loan | Collection code | Permanent Location | Current Location | Shelving location | Date acquired | Source of acquisition | Total Checkouts | Full call number | Date last seen | Copy number | Koha item type |
|---|---|---|---|---|---|---|---|---|---|---|---|---|---|---|
| Dewey Decimal Classification | Not For Loan | Rare Books | Central Library, University of Rajshahi | Central Library, University of Rajshahi | Rare Book Section | 13/05/1960 | Puthia Raj Estate | RA 809 HAI V-1 1864 | 22/01/2020 | C-1 | Rare Books | |||
| Dewey Decimal Classification | Not For Loan | Rare Books | Central Library, University of Rajshahi | Central Library, University of Rajshahi | Rare Book Section | 13/05/1960 | Puthia Raj Estate | RA 809 HAI V-2 1864 | 22/01/2020 | C-1 | Rare Books | |||
| Dewey Decimal Classification | Not For Loan | Rare Books | Central Library, University of Rajshahi | Central Library, University of Rajshahi | Rare Book Section | 13/05/1960 | Puthia Raj Estate | RA 809 HAI V-4 1864 | 22/01/2020 | C-1 | Rare Books |